| 000 | 00942pam a2200313 a 4500 | ||
|---|---|---|---|
| 001 | 1905 | ||
| 003 | Uk | ||
| 005 | 20231009125646.0 | ||
| 020 | _a9781409504337 (pbk.) : | ||
| 020 | _a1409504336 (pbk.) : | ||
| 020 | _a9781409504337 | ||
| 040 |
_aStDuBDS _beng _cStDuBDS _dUk _dFISKH |
||
| 050 | _aPZ7 | ||
| 082 | 0 | 4 |
_a823.914 _222 |
| 100 | 1 | _aKimpton, Diana. | |
| 245 | 1 | 4 |
_aThe great sheep race / _cDiana Kimpton ; illustrated by Desideria Gucciardini. |
| 260 |
_aLondon : _bUsborne, _c2010. |
||
| 300 |
_a110 pages : _billustrations ; _c20 cm |
||
| 490 | 0 | _aAmy Wild, animal talker | |
| 505 | _aK | ||
| 521 |
_a600
_bLexile |
||
| 521 |
_aK
_bRaz-Plus |
||
| 650 | 0 |
_aWild, Amy (Fictitious character) _vJuvenile fiction. |
|
| 650 | 0 |
_aHuman-animal communication _vJuvenile fiction. |
|
| 650 | 0 |
_aSheep _vJuvenile fiction. |
|
| 655 | 0 | _aChildren's stories. | |
| 700 |
_aGucciardini, Desideria _eillustrator |
||
| 942 |
_2lcc _cBK _n0 |
||
| 999 |
_c1905 _d1905 |
||